| 000 | 00950naa a22002657a 4500 | ||
|---|---|---|---|
| 001 | BR8502418 | ||
| 003 | BR-BrBNA | ||
| 005 | 20250721154452.0 | ||
| 007 | ta | ||
| 008 | 250630b bl.|||m| |||| 00| 0 por d | ||
| 040 |
_aBR-BrBNA _bpor _cBiblioteca Nacional de Agricultura |
||
| 041 | _a(Pt) | ||
| 072 |
_aS40 _b/G514 |
||
| 090 | _aS40 BR8502418 | ||
| 100 | 1 | _aPessoa, D. | |
| 245 | 1 | _aAspectos estruturais do abastecimento popular: da situacao de carencia alimentar cronica a implantacao das centrais de abastecimento no nordeste [Brasil] | |
| 500 | _aAcompanhamento conjuntural Brasilia, DF (Brasil): 1985. p. 93-119 [2 graphs] (BR8502418-AMS) | ||
| 650 | _aNUTRICAO HUMANA | ||
| 650 | _aALIMENTO | ||
| 650 | _aABASTECIMENTO | ||
| 650 | _aREGIAO NORDESTE | ||
| 490 |
_aAcompanhamento Conjuntural - Companhia Brasileira de Alimentos (Brazil) _vv. 7(3) _xISSN 0100-6517 |
||
| 942 |
_cAMS _2AGRIS |
||
| 909 |
_a202506 _bLúcia _c55 _dLúcia Elande |
||
| 999 |
_c334994 _d334994 |
||